| 000 | 01249nam a2200265 i 4500 | ||
|---|---|---|---|
| 001 | 42926 | ||
| 003 | ES-MaACL | ||
| 005 | 20250704063108.0 | ||
| 007 | t| | ||
| 008 | 030314s1868 sp 0001s spa d | ||
| 080 | _a342.733 | ||
| 100 | 1 |
_aCastro, Fernando de, _d1814-1874 _9150497 |
|
| 245 | 1 | 0 | _aDiscurso que en la apertura de los estudios de la Universidad Central, en la toma de posesión del doctor don Fernando de Castro... nombrado rector de la misma, y en la reposición de los catedráticos separados, leyó el nuevo rector el 1º de noviembre de 1868. |
| 260 |
_aMadrid : _b[s.n., _c1868] ( _fImp. de José M. Ducazcal) |
||
| 300 |
_a15 p. ; _c26 cm. |
||
| 530 | _aDisponible en formato digital. | ||
| 594 | _aTema del discurso: Las tareas de la ciencia y de la enseñanza universitaria | ||
| 650 | 4 |
_aLibertad de cátedra. _9150499 |
|
| 710 | 2 |
_aUniversidad Central (Madrid) _97084 |
|
| 852 | 4 |
_aES-MaACL _jFol-Laf-104 _z- Legado Modesto Lafuente |
|
| 852 | 4 |
_aES-MaACL _jT-97-F-6 |
|
| 852 | 4 |
_aES-MaACL _jT-385-F-20 _z- Sello de "Los Escolares Médicos" _z- Firma de Gustavo Sáenz Díez |
|
| 856 | 4 |
_uhttp://bdh-rd.bne.es/viewer.vm?id=0000090155&page=1 _zBiblioteca Digital Hispánica |
|
| 999 |
_c42926 _d42926 |
||